| 000 | 00338nam a22001337a 4500 | ||
|---|---|---|---|
| 008 | 170612b xxu||||| |||| 00| 0 eng d | ||
| 020 | _a928081060-X | ||
| 041 | _aeng | ||
| 080 | _a32 | ||
| 100 | _a19 | ||
| 101 | _aSHP | ||
| 245 |
_aGLOBALIZATION AND THE SUSTAINABILITY OF CITIES IN THE ASIA PACIFIC REGION _cLO,F.CH |
||
| 942 |
_2udc _cBK |
||
| 999 |
_c16982 _d16982 |
||